Functional equations in several variables : with applications to mathematics, information theory and to the natural and social science

Saved in:
Bibliographic Details
Main Author: Aczel, J.
Other Authors: Dhombres, Jean G.
Format: Book
Language:English
Published: Cambridge : cambridge University Press, 1989
Series:Encyclopedia of mathematics and its applications ; ; 31
Subjects:
Tags: Add Tag
No Tags, Be the first to tag this record!

MARC

LEADER 00000nam a2200000 i 4500
001 1/71178
008 990302s1989 eng d
020 |a 0-521-35276-2 
035 |l 10048263 
040 |a GR-MY-UA  |b gre  |e aacr 
041 0 |a eng 
082 0 |a 515.8 
100 1 |a Aczel, J. 
245 1 0 |a Functional equations in several variables :  |b with applications to mathematics, information theory and to the natural and social science /  |c J. Aczel, J. Dhombres 
260 |a Cambridge :   |b cambridge University Press,   |c 1989 
300 |a xiii, 462 p.;  |b ill.;  |c 24 cm. 
490 1 |a Encyclopedia of mathematics and its applications  |v ; 31 
500 |a Includes bibliographical references and index 
650 0 0 |a Functional equations. 
650 0 0 |a Functions of several real variables. 
700 1 |a Dhombres, Jean G. 
830 0 |a Encyclopedia of mathematics and its applications ;  |v ; 31 
852 |a INST  |b SAMOS  |e 19990302  |h 515.8 ACZ  |p 005300013339  |q 005300013339  |t BK  |y 0 
901 |a BIBL-1999-1 
909 |a Σ  |b 062995 
922 |a 3ΕΛΗ  |b 199901  |c ΕΠΕΑΕΚ/ΜΑΘ  |d LEADER